NCAA Wrestling 2010s National Champions - Statistics

General Stats
  • This quiz has been taken 236 times
  • The average score is 43 of 100
Answer Stats
Year Weight Answer School % Correct
2018 125 Spencer Lee Iowa
90%
2019 125 Spencer Lee Iowa
90%
2017 184 Bo Nickal Penn St
78%
2018 184 Bo Nickal Penn St
78%
2019 197 Bo Nickal Penn St
78%
2010 141 Kyle Dake Cornell
78%
2011 149 Kyle Dake Cornell
78%
2012 157 Kyle Dake Cornell
78%
2013 165 Kyle Dake Cornell
78%
2019 133 Nick Suriano Rutgers
72%
2012 165 David Taylor Penn St
70%
2014 165 David Taylor Penn St
70%
2017 157 Jason Nolf Penn St
68%
2018 157 Jason Nolf Penn St
68%
2019 157 Jason Nolf Penn St
68%
2016 285 Kyle Snyder Ohio St
66%
2017 285 Kyle Snyder Ohio St
66%
2018 285 Kyle Snyder Ohio St
66%
2018 141 Yianni Diakomihalis Cornell
66%
2019 141 Yianni Diakomihalis Cornell
66%
2016 174 Myles Martin Ohio St
62%
2019 165 Mekhi Lewis Virginia Tech
61%
2017 149 Zain Retherford Penn St
61%
2018 149 Zain Retherford Penn St
61%
2016 149 Zane Retherford Penn St
61%
2018 174 Zahid Valencia Arizona St
60%
2019 174 Zahid Valencia Arizona St
60%
2019 285 Anthony Cassar Penn St
57%
2017 165 Vincenzo Joseph Penn St
56%
2018 165 Vincenzo Joseph Penn St
56%
2011 165 Jordan Burroughs Nebraska
54%
2018 133 Seth Gross SDSU
54%
2015 157 Isaiah Martinez Illinois
53%
2016 157 Isaiah Martinez Illinois
53%
2012 133 Logan Stieber Ohio St
53%
2013 133 Logan Stieber Ohio St
53%
2014 141 Logan Stieber Ohio St
53%
2015 141 Logan Stieber Ohio St
53%
2014 197 J'den Cox Missouri
51%
2016 197 J'den Cox Missouri
51%
2017 197 J'den Cox Missouri
51%
2012 174 Ed Ruth Penn St
49%
2013 184 Ed Ruth Penn St
49%
2014 184 Ed Ruth Penn St
49%
2017 174 Mark Hall Penn St
49%
2019 149 Anthony Ashnault Rutgers
48%
2017 133 Cory Clark Iowa
46%
2014 285 Nick Gwiazdowski NC St
45%
2015 285 Nick Gwiazdowski NC St
45%
2015 184 Gabe Dean Cornell
44%
2016 184 Gabe Dean Cornell
44%
2011 125 Anthony Robles Arizona St
43%
2017 125 Darian Cruz Lehigh
43%
2016 125 Nico Megaludis Penn St
41%
2015 125 Nathan Tomasello Ohio St
40%
2010 149 Brent Metcalf Iowa
39%
2013 157 Derek St. John Iowa
37%
2019 184 Drew Foster Northern Iowa
36%
2010 125 Matt McDonough Iowa
36%
2012 125 Matt McDonough Iowa
36%
2016 133 Nahshon Garrett Cornell
36%
2016 141 Dean Heil Oklahoma St
33%
2017 141 Dean Heil Oklahoma St
33%
2013 125 Jesse Delgado Illinois
32%
2014 125 Jesse Delgado Illinois
32%
2014 157 Alex Dieringer Oklahoma St
31%
2015 165 Alex Dieringer Oklahoma St
31%
2016 165 Alex Dieringer Oklahoma St
31%
2011 133 Jordan Oliver Oklahoma St
31%
2013 149 Jordan Oliver Oklahoma St
31%
2010 184 Max Askren Missouri
30%
2015 133 Cody Brewer Oklahoma
29%
2014 133 Tony Ramos Iowa
29%
2018 197 Mike Macchiavello NC St
26%
2011 157 Bubba Jenkins Arizona St
25%
2015 197 Kyven Gadson Iowa St
25%
2012 285 Anthony Nelson Minnesota
23%
2013 285 Anthony Nelson Minnesota
23%
2010 133 Jayson Ness Minnesota
23%
2011 184 Quentin Wright Penn St
22%
2013 197 Quentin Wright Penn St
22%
2010 197 Jake Varner Iowa St
18%
2013 174 Chris Perry Oklahoma St
17%
2014 174 Chris Perry Oklahoma St
17%
2010 157 J.P. O'Connor Harvard
16%
2012 149 Frank Molinaro Penn St
15%
2014 149 Jason Tsirtsis Northwestern
15%
2011 141 Kellan Russell Michigan
15%
2012 141 Kellan Russell Michigan
15%
2011 197 Dustin Kilgore Kent St
14%
2011 174 Jonathan Reader Iowa St
14%
2013 141 Kendric Maple Oklahoma
14%
2015 174 Matt Brown Penn St
14%
2011 285 Zachery Rey Lehigh
14%
2010 165 Andrew Howe Wisconsin
13%
2015 149 Drake Houdashelt Missouri
10%
2012 197 Cam Simaz Cornell
9%
2012 184 Steve Bosak Cornell
9%
2010 285 David Zabriskie Iowa St
7%
2010 174 Jay Borshel Iowa
5%
No matching quizzes found
Score Distribution
Percent of People with Each Score
Percentile by Number Answered
Your Score History
You have not taken this quiz